000 00329nam a22001217a 4500
008 160511b xxu||||| |||| 00| 0 eng d
020 _a9781437705003
020 _a1437705006
041 _aeng
080 _a61
245 _aMedical Clinics of north america / Common neurologic disorders:
_cRandolph W. Evans MD;
942 _2udc
_cBK
999 _c2056
_d2056